Biblioteca

El movimiento ecuménico : Qué es y cómo trabaja / Norman Goodall ; Marcelo Pérez Rivas, Traductor (Registro nro. 38755)

Detalles MARC
000 -LÍDER
Campo fijo de descripción fija 005510000a22001810004500
041 0# - CÓDIGO DE IDIOMA
Código de idioma para texto/pista de sonido o título separado
082 04 - NÚMERO DE CLASIFICACIÓN DECIMAL DEWEY
Número de clasificación G 280.042 G6468m
001 - NÚMERO DE CONTROL
Campo de control 8621
100 1# - ASIENTO PRINCIPAL--NOMBRE PERSONAL
Nombre personal Goodall, Norman
245 10 - TÍTULO
Título del Material El movimiento ecuménico : Qué es y cómo trabaja / Norman Goodall ; Marcelo Pérez Rivas, Traductor
260 ## - PUBLICACIÓN, DISTRIBUCIÓN, ETC. (PIE DE IMPRENTA)
Lugar de publicación, distribución, etc. Buenos Aires, Argentina : La Aurora
300 ## - DESCRIPCIÓN FÍSICA
Extensión 282 Pag
336 ## - CONTENT TYPE
Content type term texto
Content type code txt
Source rdacontent
337 ## - MEDIA TYPE
Source rdamedia
Media type term sin mediación
Media type code n
338 ## - CARRIER TYPE
Source rdacarrier
Carrier type term volumen
Carrier type code nc
500 ## - NOTA GENERAL
Nota General Titulo original : The ecumenical movement
942 ## - TIPO DE MATERIAL (KOHA)
Tipo de Item KOHA Libros General
Existencias
Estado de Material Estado de Perdido Estado de Dañado No para Préstamo Colección Tomo Biblioteca de Origen Biblioteca Permanente Fecha de Adquisición Total de Préstamos Signatura Topográfica Código de Barras Última vez visto Última vez Préstado Ejemplar/Existencia Fecha de Remplazo Tipo de Material
        Colección General   Biblioteca FUSBC Biblioteca FUSBC 14/01/2005 1 G 280.042 G6468m 25522 12/12/2019 20/04/2018 1 26/01/2016 Libros General

Biblioteca FUSBC | Teléfono: (57+4) 349 88 10 Ext. 141| WhatsApp (+57) 3005338115 
E-mail: biblioteca@unisbc.edu.co | Calle 76 87-14 Robledo Palenque, Medellín, Colombia

Con tecnología Koha